000 00535nam a22001937a 4500
005 20150512105153.0
008 091009s2011 maua b 001 0 eng
020 _a9780073381497
041 0 _aeng
080 _a656.07
100 1 _aNewstrom, John W.
245 1 0 _aOrganizational behavior :
_cJohn W. Newstrom.
250 _aThirteenth ed./13e.
260 _aBoston :
_bMcGraw-Hill/Irwin,
_c2011.
300 _a554 f. :
_bme il.;
_c26 cm.
650 0 _aOrganizimi
650 0 _aTransporti
942 _2udc
_cBK
999 _c746
_d746